00378cam a2200145ua 4500003000400000008004100004020001800045082002000063100002300083245001900106250000900125260006500134300001200199700002100211OSt250315b |||||||| |||| 00| 0 eng d a9780070992108 a621.901bAND/SH aAnderson, James . aShop theory /  a6 /  aNew Delhi : bTata Mc-Graw Hill Publishing Company , c1985. a568 ; .1 aTatro, Earl E .